[Event "ch-ESP Universities"]
[Site "La Pineda de Vila-Seca ESP"]
[Date "2009.05.14"]
[Round "8"]
[White "Camacho Collados,J"]
[Black "Martinez Martin,D"]
[Result "1/2-1/2"]
[WhiteElo "2379"]
[BlackElo "2390"]

1.Nf3 Nf6 2.g3 g6 3.Bg2 Bg7 4.c4 O-O 5.O-O c5 6.Nc3 Nc6 7.d4 d6 8.dxc5 dxc5
9.Be3 Ng4 10.Qxd8 Rxd8 11.Bxc5 Be6 12.Nd5 Bxd5 13.cxd5 Rxd5 14.Ba3 Rad8 15.Rac1 h5
16.h3 Nf6 17.e3 Ne4 18.Nh4 Re5 19.Rfd1 Rxd1+ 20.Rxd1 Nd6 21.Bxd6 exd6 22.Rxd6 Rc5
23.Rd7 Rc1+ 24.Bf1 Ne5 25.Rd8+ Bf8 26.Kg2 Kg7 27.b3 Rc2 28.Nf3 Nxf3 29.Kxf3 Bb4
30.a4 Be1 31.Be2 Rc6 32.Kg2 Rc2 33.Kf1 Ba5 34.Rd7 Rc7 35.Rd5 Bb4 36.Bc4 a5
37.Ke2 b6 38.Rd3 Bc5 39.Rd5 Re7 40.Rd3 Kf6 41.Rd8 Kg5 42.Rd5+ Kf6 43.Rd8 Kg5
44.Rd5+ Kf6 45.Rd3 Rc7 46.Rd5 Ke7 47.g4 hxg4 48.hxg4 Rc8 49.g5 Rh8 50.Re5+ Kf8
51.Re4 Rh5 52.Rf4 Rxg5 53.Rxf7+ Ke8 54.f4 Rg3 55.Rg7 Rxe3+ 56.Kd2 Rg3 57.f5 Bd4
58.Rg8+ Ke7 59.fxg6 Kf6 60.Bf7 Kf5 61.Re8 Bc3+ 62.Kc2 Bb4 63.Re6 Bc5 64.Re2 Kf6
65.Re1 Rf3 66.Be8 Bb4 67.Rg1 Kg7 68.Rh1 Rg3 69.Rh7+ Kf8 70.Bf7 Bc3 71.Bc4 Bg7
72.Bd3 Rg2+ 73.Kd1 Rb2 74.Bc2 Ra2 75.Rh5 Ra1+ 76.Ke2 Rg1 77.Rf5+ Ke8 78.Rf7 Bb2
79.Bd3 Bd4 80.Rb7 Kf8 81.Rf7+ Ke8 82.Rf4 Bc5 83.Bb5+ Kd8 84.Bd3 Bb4 85.Rf7 Bc3
86.Ke3 Ke8 87.Rb7 Bb4 88.Kf4 Kf8 89.Rxb6 Rd1 90.Be4 Rd7 91.Rb8+ Kg7 92.Rb5 Re7
93.Rh5 Bd6+ 94.Ke3 Bb4 95.Rh7+ Kf6 96.Rh5 Rc7 97.Rf5+ Kg7 98.Rb5 Rc3+ 99.Kf4 Rxb3
100.Rb7+ Kf6 101.Rb6+ Kg7 102.Kf5 Rg3 103.Rb7+ Kf8 104.Ke6 Bc3 105.Rf7+ Kg8
106.Kf5 Rg1 107.Rc7 Rg3 108.Bd5+ Kf8 109.g7+ Bxg7 110.Ra7 Bc3 111.Ra8+ Ke7
112.Bc6  1/2-1/2

[Event "CICC Open"]
[Site "Calgary CAN"]
[Date "2009.05.16"]
[Round "4"]
[White "Kustar,S"]
[Black "Castellanos Rodriguez,R"]
[Result "1/2-1/2"]
[WhiteElo "2335"]
[BlackElo "2446"]

1.Nf3 Nf6 2.c4 g6 3.g3 Bg7 4.Bg2 O-O 5.d4 d6 6.O-O Nbd7 7.Nc3 e5 8.e4 exd4
9.Nxd4 Re8 10.h3 a6 11.Be3 Rb8 12.a4 c6 13.a5 Ne5 14.Qe2 c5 15.Nb3 Be6 16.Nd5 Nxd5
17.exd5 Bf5 18.Nc1 h5 19.Ra2 Nd7 20.Qd1 Be4 21.b3 Nf6 22.Ne2 Bxg2 23.Kxg2 Ne4
24.Qd3 b5 25.axb6 Qxb6 26.Rb1 Qb7 27.Bf4 Qb6 28.Be3 Qb7 29.Bf4 Qb6 30.Be3  1/2-1/2

[Event "18th CRO-Cup"]
[Site "Sibenik CRO"]
[Date "2009.05.23"]
[Round "4"]
[White "Vernacki,D"]
[Black "Gracin,D"]
[Result "1-0"]
[WhiteElo "2143"]
[BlackElo "2181"]

1.Nf3 Nf6 2.c4 g6 3.g3 Bg7 4.Bg2 O-O 5.O-O d6 6.Nc3 Nbd7 7.d3 e5 8.Rb1 c6
9.Bg5 h6 10.Bxf6 Nxf6 11.Qb3 Re8 12.Nd2 Qc7 13.Rfc1 Nd7 14.a3 Nf8 15.Qd1 Ne6
16.b4 Bd7 17.e3 a6 18.Nb3 h5 19.a4 h4 20.a5 Ng5 21.b5 Qd8 22.bxc6 bxc6 23.Na4 Nh3+
24.Kf1 hxg3 25.hxg3 Ng5 26.Nb6 Ra7 27.Nxd7 Qxd7 28.Nd2 d5 29.cxd5 cxd5 30.Qc2 e4
31.dxe4 d4 32.exd4 Qxd4 33.Nf3 Nxf3 34.Bxf3 Re5 35.Rb8+ Kh7 36.Kg2 g5 37.Rh1+ Kg6
38.Rb6+ Bf6 39.Qc8 Re6 40.Qg8+ Bg7 41.Rxe6+ fxe6 42.Qxe6+ Bf6 43.Qf5+  1-0

[Event "Doroshkevicha Mem"]
[Site "Belorechensk RUS"]
[Date "2009.05.27"]
[Round "5"]
[White "Rakov,V"]
[Black "Gabrielian,A"]
[Result "0-1"]
[WhiteElo "2265"]
[BlackElo "2462"]

1.c4 Nf6 2.Nf3 g6 3.g3 Bg7 4.Bg2 O-O 5.O-O d5 6.cxd5 Nxd5 7.Nc3 Nxc3 8.dxc3 Nd7
9.Qc2 e5 10.e4 Qe7 11.Re1 b6 12.a4 Bb7 13.a5 Rfd8 14.b4 a6 15.Bg5 Bf6 16.Be3 b5
17.Bh3 h5 18.Rad1 Nf8 19.Nd2 Ne6 20.Nb3 h4 21.Bxe6 Qxe6 22.Nc5 Qc6 23.f3 Be7
24.Rxd8+ Rxd8 25.Rd1 Bc8 26.Rxd8+ Bxd8 27.Qd2 Be7 28.gxh4 Bxh4 29.Bg5 Bxg5
30.Qxg5 Qd6 31.Kf2 Kg7 32.Ke2 Be6 33.Ke3 Bc4 34.Qg3 f6 35.Qe1 f5 36.exf5 gxf5
37.Kf2 Kf7 38.Kg2 f4 39.Ne4 Qg6+ 40.Kh1 Bd5 41.Qe2 c6 42.Nf2 Kf6 43.Ne4+ Kf7
44.Nd2 Qc2 45.Kg2 Qxc3 46.Ne4 Qxb4 47.Ng5+ Kf6 48.h4 Qc4 49.Qe1 Qc2+ 50.Kh1 c5
51.Qg1 b4 52.Qg4 Qd1+ 53.Kg2 Qc2+ 54.Kg1 Qf5 55.Qh5 Ke7 56.Qh8 Qb1+ 57.Kg2 Qc2+
58.Kg1 Qd1+ 59.Kg2 Qe2+ 60.Kg1 Qe1+ 61.Kg2 Qg3+ 62.Kh1 Bxf3+ 63.Nxf3 Qxf3+
64.Kg1 Qg3+ 65.Kf1 f3 66.Qh7+ Ke6 67.Qh6+ Kd5 68.Qd2+ Kc6 69.h5 Qh3+ 70.Kf2 Qg2+
71.Ke3 Qg5+ 72.Kd3 c4+  0-1

[Event "TOP 16 Poule Basse"]
[Site "Le Port Marly FRA"]
[Date "2009.05.29"]
[Round "9"]
[White "Legky,N"]
[Black "Bijaoui,M"]
[Result "1-0"]
[WhiteElo "2468"]
[BlackElo "2409"]

1.Nf3 Nf6 2.c4 g6 3.g3 Bg7 4.Bg2 O-O 5.Nc3 d6 6.O-O Nc6 7.Rb1 a5 8.a3 e5
9.d3 h6 10.b4 axb4 11.axb4 Be6 12.b5 Ne7 13.Bb2 Nd7 14.Nd2 c6 15.Ra1 f5 16.Rxa8 Qxa8
17.Qa1 d5 18.Ba3 e4 19.Bxe7 Qxa1 20.Rxa1 Bxc3 21.Bxf8 Bxa1 22.Bxh6 Ne5 23.cxd5 cxd5
24.Nb3 Bc3 25.Nc5 Bc8 26.Bf4 Nd7 27.Na4 Bb4 28.Bf1 Nc5 29.Nxc5 Bxc5 30.e3 Kf7
31.d4 Be7 32.h4 Ke6 33.Be2 Bd7 34.Kg2 Bd6 35.Bxd6 Kxd6 36.g4 fxg4 37.Kg3 b6
38.Kf4 Be8 39.Kxg4 Ke7 40.Kg5 Ke6 41.Kf4 Kd6 42.Kg4 Ke7 43.Kg5 Ke6 44.Kf4 Kd6
45.f3 exf3 46.Kxf3 Ke7 47.Kf4 Ke6 48.Kg5 Ke7 49.Bd3 Kf8 50.Kf6  1-0

[Event "Copper State Int"]
[Site "Mesa USA"]
[Date "2009.05.29"]
[Round "2"]
[White "Izoria,Z"]
[Black "Atoufi,P"]
[Result "1-0"]
[WhiteElo "2619"]
[BlackElo "2306"]

1.Nf3 Nf6 2.c4 g6 3.g3 Bg7 4.Bg2 O-O 5.O-O d6 6.d4 Nbd7 7.Nc3 e5 8.e3 Qe7
9.a4 a5 10.b3 exd4 11.exd4 Nb8 12.Bg5 c6 13.Qd2 Qc7 14.Rfe1 Na6 15.Qf4 Nh5
16.Qh4 f6 17.Bd2 f5 18.Re7 Qb6 19.Rxg7+ Nxg7 20.Re1 Re8 21.Rxe8+ Nxe8 22.Qe7 Ng7
23.Nd5 cxd5 24.Ng5 Be6 25.Nxe6 Nh5 26.Bxd5 Kh8 27.Ng5 Qc7 28.Nf7+ Kg8 29.Nd8+  1-0

[Event "XXXI Nezhmetdinov Mem"]
[Site "Kazan RUS"]
[Date "2009.06.04"]
[Round "5"]
[White "Arzamastsev,A"]
[Black "Gorishniy,Y"]
[Result "0-1"]
[WhiteElo "2186"]
[BlackElo "2093"]

1.Nf3 Nf6 2.c4 g6 3.g3 Bg7 4.Bg2 O-O 5.d4 d6 6.O-O c5 7.Nc3 Nc6 8.d5 Na5
9.Nd2 a6 10.Rb1 Ng4 11.Qc2 Rb8 12.Nd1 b5 13.b3 bxc4 14.bxc4 Rxb1 15.Qxb1 e5
16.h3 Nh6 17.e4 f5 18.f3 Nf7 19.Qc2 Bd7 20.Bb2 Qg5 21.Kh2 f4 22.g4 Qh4 23.Nf2 Qg3+
24.Kg1 Ng5 25.Qd3 h5 26.Bc3 hxg4 27.hxg4 Nxc4 28.Qxc4 Bb5 29.Qb3 Kf7 30.Rc1 Rh8
31.Nc4 Rh2  0-1

[Event "1st SCS GM Open"]
[Site "Bhubaneswar IND"]
[Date "2009.06.08"]
[Round "3"]
[White "Sahu,Se"]
[Black "Girinath,P"]
[Result "1-0"]
[WhiteElo "2265"]
[BlackElo "2404"]

1.c4 Nf6 2.Nf3 g6 3.g3 Bg7 4.Bg2 O-O 5.Nc3 d6 6.O-O Nc6 7.h3 a6 8.d3 Rb8
9.Be3 b5 10.Qd2 Re8 11.Bh6 Bh8 12.Rac1 Bd7 13.Kh2 Na7 14.b3 c5 15.Nd5 Nc6
16.Bg5 Nxd5 17.cxd5 Nd4 18.Nxd4 Bxd4 19.Be3 Qb6 20.h4 a5 21.h5 Bg7 22.Bh6 Bd4
23.Qf4 a4 24.Be4 axb3 25.axb3 Ra8 26.Rc2 Ra1 27.Rxa1 Bxa1 28.Ra2 Be5 29.Qd2 b4
30.Kg2 e6 31.hxg6 fxg6 32.Qg5 Kh8 33.Qh4 exd5 34.Bxd5 Bc6 35.Qe4 Bd7 36.Qf3 Qd8
37.Ra7 Qe7 38.Bc6 Bxc6 39.Qxc6 Qe6 40.Rd7 Qxb3 41.f4 Bd4 42.Rxd6 Qf7 43.e3 Bc3
44.Rd7 Qg8 45.d4 Qa2+ 46.Kh3  1-0

[Event "Maia Chiburdanidze Cup"]
[Site "Tbilisi GEO"]
[Date "2009.06.08"]
[Round "4"]
[White "Gavasheli,A"]
[Black "Macharashvili,T"]
[Result "1-0"]
[WhiteElo "2202"]
[BlackElo "1786"]

1.Nf3 Nf6 2.c4 g6 3.g3 Bg7 4.Bg2 O-O 5.O-O d6 6.Nc3 e5 7.d3 Nc6 8.Rb1 Be6
9.b4 h6 10.b5 Ne7 11.Bd2 Nh5 12.Qc1 Kh7 13.Ne1 c6 14.bxc6 bxc6 15.Na4 Rb8
16.Rxb8 Qxb8 17.Nc2 f5 18.Qa3 g5 19.Nb4 Qc7 20.Na6 Qd7 21.Bb4 Rd8 22.N4c5 Qc8
23.Nxe6 Qxe6 24.Nc7 Qd7 25.Qxa7 Rc8 26.Ba5 d5 27.c5 f4 28.Rb1 Ng6 29.Rb7 Qf5
30.Nxd5 cxd5 31.Bxd5 fxg3 32.hxg3 Rf8 33.c6 Kh8 34.Rf7 Rxf7 35.Qxf7  1-0

[Event "1st SCS GM Open"]
[Site "Bhubaneswar IND"]
[Date "2009.06.12"]
[Round "8"]
[White "Murshed,N"]
[Black "Ramnath,B"]
[Result "1/2-1/2"]
[WhiteElo "2407"]
[BlackElo "2273"]

1.Nf3 Nf6 2.c4 g6 3.g3 Bg7 4.Bg2 O-O 5.O-O d6 6.Nc3 e5 7.d3 h6 8.Rb1 a5 9.a3 Re8
10.Ne1 c6 11.e4 Be6 12.Nc2 d5 13.exd5 cxd5 14.d4 Nc6 15.dxe5 Nxe5 16.cxd5 Bg4
17.f3 Bf5 18.Kh1 Nxd5 19.Nxd5 Rc8 20.Nde3 Qxd1 21.Rxd1 Bxc2 22.Nxc2 Rxc2
23.Rd2 Rec8 24.Rxc2 Rxc2 25.b3 Bf8 26.Be3 Bxa3 27.f4 Nc6 28.Bb6 Bb4 29.Rd1 Kf8
30.Be4 Re2 31.Bf3 Re1+ 32.Rxe1 Bxe1 33.Kg2 Ke7 34.Kf1 Bb4 35.Ke2 Kd6 36.Kd3 Bc5
37.Bxc6 bxc6 38.Bxa5 Bg1 39.h3 Bf2 40.g4 f5 41.gxf5 gxf5 42.Bc3 Kd5 43.Be5 Bc5
44.Bc3 h5 45.Bd2 Bd6 46.Be3 Bb4 47.Bf2 Ba5 48.Be3 Be1 49.Bg1 Bh4 50.Bd4 Be1
51.Bc3 Bg3 52.Bd2  1/2-1/2

[Event "Open"]
[Site "Teplice CZE"]
[Date "2009.06.13"]
[Round "1"]
[White "Groh,J"]
[Black "Stransky,V"]
[Result "1-0"]
[WhiteElo "2159"]
[BlackElo "1579"]

1.c4 Nf6 2.Nf3 g6 3.g3 Bg7 4.Bg2 O-O 5.O-O d6 6.d4 Nbd7 7.Bf4 Nh5 8.Be3 f5
9.Nc3 a6 10.Ng5 Nb6 11.c5 dxc5 12.dxc5 Qxd1 13.Raxd1 Bxc3 14.bxc3 Na4 15.Bd5+ Kh8
16.Nf7+ Kg7 17.Bh6+ Kg8 18.Ng5+ e6 19.Nxe6 Nxc3 20.Nxf8+  1-0

[Event "zt 2.5 w"]
[Site "Asuncion PAR"]
[Date "2009.06.15"]
[Round "8"]
[White "Avalos,L"]
[Black "Vargas,Ga"]
[Result "0-1"]
[WhiteElo "1670"]
[BlackElo "2090"]

1.Nf3 Nf6 2.c4 g6 3.g3 Bg7 4.Bg2 O-O 5.O-O c6 6.Nc3 d5 7.cxd5 cxd5 8.d4 Nc6
9.e3 Bg4 10.h3 Bxf3 11.Qxf3 e6 12.Bd2 Rc8 13.Rfc1 Qd7 14.Qd1 Rc7 15.Nb5 Rcc8
16.Rc2 a6 17.Na3 Na7 18.Rac1 Rxc2 19.Rxc2 Rc8 20.Rxc8+ Qxc8 21.Qc2 Bf8 22.Qxc8 Nxc8
23.Nc2 Nd6 24.b3 Nde4 25.Ba5 Bd6 26.Bd8 Nd7 27.Ba5 f5 28.Kf1 Kf7 29.Ke2 Ke8
30.Be1 Ndf6 31.Kd3 g5 32.f4 h6 33.h4 Nh5 34.Bxe4 fxe4+ 35.Ke2 gxh4 36.gxh4 Ng7
37.Kf2 Nf5 38.Kg2 h5 39.Bf2 Kd7 40.Ne1 Be7 41.Kh3 Kc6 42.Nc2 a5 43.a4 b5
44.axb5+ Kxb5 45.Be1 a4 46.bxa4+ Kxa4 47.Bf2 Kb3 48.Ne1 Kc3 49.Ng2 Kd3 50.Kh2 Ke2
51.Bg1 Bxh4 52.Kh3 Bf2 53.Bxf2 Kxf2 54.Kh2 Nxe3 55.Nh4 Nf5 56.Ng2 e3  0-1

[Event "Champions League CAA"]
[Site "Buenos Aires ARG"]
[Date "2009.06.19"]
[Round "8"]
[White "Quenallata,L"]
[Black "Preuss,Max"]
[Result "0-1"]
[WhiteElo "2122"]
[BlackElo "2114"]

1.Nf3 Nf6 2.c4 g6 3.g3 Bg7 4.Bg2 O-O 5.Nc3 Nc6 6.O-O d5 7.Rb1 a5 8.a3 e5
9.b4 axb4 10.axb4 Bf5 11.d3 Qd7 12.b5 Ne7 13.Ng5 h6 14.Nge4 Nh5 15.Nxd5 Nxd5
16.cxd5 Bh3 17.Bxh3 Qxh3 18.b6 f5 19.Nd2 cxb6 20.Rxb6 Nf6 21.Re1 Ng4 22.Nf1 f4
23.gxf4 exf4 24.Bb2 Rf5 25.Qc1 Rg5 26.Qxf4 Rf8  0-1

[Event "13th FIDE Open"]
[Site "Voronezh RUS"]
[Date "2009.06.19"]
[Round "8"]
[White "Lomakina,G"]
[Black "Andreev,Vo"]
[Result "1-0"]
[WhiteElo "2089"]
[BlackElo "1950"]

1.c4 Nf6 2.Nf3 g6 3.g3 Bg7 4.Bg2 O-O 5.O-O d6 6.Nc3 Nbd7 7.d3 e5 8.Rb1 a5
9.a3 Nh5 10.b4 f5 11.Qb3 c6 12.c5+ d5 13.e4 Kh8 14.exd5 h6 15.dxc6 bxc6 16.Nh4 Qf6
17.Bb2 Ba6 18.b5 Rab8 19.Bxc6 Nxc5 20.Qd5 Nxd3 21.Qxd3 Rfd8 22.Qf3 Bc8 23.Nd5 Qf7
24.Ne7 Rd6 25.Nxc8 Rxc8 26.Rbd1 Rxd1 27.Rxd1 Kh7 28.Rd7 Qe6 29.Qd5 Qxd5 30.Rxd5 e4
31.Rd7 Rf8 32.b6 Nf6 33.Bxf6 Rxf6 34.b7 Rf8 35.Rc7 Rb8 36.Rc8 Be5 37.g4 Kg7
38.gxf5 g5 39.Ng6 Bd6 40.Bxe4 Kf6 41.Nf8  1-0

[Event "Oceania Zonal"]
[Site "Gold Coast AUS"]
[Date "2009.06.20"]
[Round "1"]
[White "Pyke,M"]
[Black "Lester,G"]
[Result "0-1"]
[WhiteElo "2156"]
[BlackElo "1801"]

1.c4 Nf6 2.Nf3 g6 3.g3 Bg7 4.Bg2 O-O 5.O-O d6 6.d4 Nc6 7.Nc3 Bf5 8.d5 Na5
9.Nd2 Ng4 10.e4 Bd7 11.Qc2 c5 12.Rb1 Ne5 13.b3 g5 14.f3 a6 15.Nd1 f5 16.exf5 Bxf5
17.Ne4 h6 18.Ne3 Bh7 19.Bd2 b5 20.Kh1 Nb7 21.Rbe1 Qe8 22.f4 gxf4 23.gxf4 Ng6
24.f5 Ne5 25.Ng3 Nd8 26.Be4 Kh8 27.Ng2 Rf6 28.Nf4 Ndf7 29.Nfh5 Qd7 30.Nxg7 Kxg7
31.Nh5+ Kh8 32.Nxf6 exf6 33.Bc3 Rg8 34.Qe2 Rg5 35.Bd2 Rg4 36.Bf3 Rg8 37.Be4 Rg4
38.cxb5 axb5 39.Bc2 Qb7 40.Be4 Ng5 41.Rf4 Nxe4 42.Qxe4 Bg8 43.Rxg4 Bxd5 44.Rf4 Nd3
45.Rh4 Bxe4+ 46.Kg1 Nxe1 47.Rxh6+ Kg7 48.Rg6+ Kf7 49.Bh6 Qd5  0-1

[Event "Oceania Zonal"]
[Site "Gold Coast AUS"]
[Date "2009.06.20"]
[Round "1"]
[White "Stead,K"]
[Black "Searle,Z"]
[Result "1-0"]
[WhiteElo "2087"]
[BlackElo "1791"]

1.Nf3 Nf6 2.g3 g6 3.Bg2 Bg7 4.c4 O-O 5.Nc3 c6 6.d4 d5 7.O-O Ne4 8.e3 Nxc3
9.bxc3 dxc4 10.a4 Bg4 11.Qe2 Nd7 12.Qxc4 Nb6 13.Qb4 Qd6 14.Qb1 Qd7 15.Nd2 e5
16.Ba3 Rfe8 17.a5 Nd5 18.Rc1 Rad8 19.Nc4 Nxc3 20.Rxc3 exd4 21.Rb3 dxe3 22.Nxe3 Bxa1
23.Qxa1 Be2 24.h4 Qc7 25.Qb2 Bb5 26.Ng4 Re1+ 27.Kh2 f5 28.Nh6+  1-0

[Event "zt 2.3"]
[Site "San Jose CRC"]
[Date "2009.06.20"]
[Round "3"]
[White "Valdes,Le"]
[Black "Soto Paez,O"]
[Result "1/2-1/2"]
[WhiteElo "2403"]
[BlackElo "2388"]

1.Nf3 Nf6 2.g3 g6 3.Bg2 Bg7 4.c4 O-O 5.Nc3 d6 6.O-O e5 7.d3 Nc6 8.Rb1 a5
9.a3 h6 10.b4 axb4 11.axb4 Be6 12.b5 Ne7 13.Qb3 Qd7 14.Ba3 c5 15.Ra1 Bh3
16.Bb2 Bxg2 17.Kxg2 Nh5 18.Rxa8 Rxa8 19.Ra1 Rf8 20.Ra7 f5 21.Qa3 Kh7 22.Qa6 Rb8
23.Qa1 g5 24.Nd2 Nf6 25.Ra8 Qd8 26.Rxb8 Qxb8 27.f3 h5 28.e4 f4 29.Nd5 Nfxd5
30.cxd5 Nc8 31.Nc4 Bf6 32.Kf2 Qc7 33.Kg2 Nb6 34.Bc3 Nxc4 35.dxc4 Bd8 36.Qd1  1/2-1/2

[Event "Open"]
[Site "Albena BUL"]
[Date "2009.06.21"]
[Round "2"]
[White "Mamaev,E"]
[Black "Berbatov,K"]
[Result "0-1"]
[WhiteElo "2162"]
[BlackElo "2393"]

1.Nf3 Nf6 2.g3 g6 3.Bg2 Bg7 4.c4 O-O 5.O-O d6 6.d4 Nbd7 7.Nc3 e5 8.e4 c6
9.h3 Re8 10.dxe5 dxe5 11.Be3 Qe7 12.Qd2 Nc5 13.Ne1 Be6 14.Nd3 Nxd3 15.Qxd3 Red8
16.Qe2 Qb4 17.Rfd1 Bxc4 18.Qc2 b6 19.Rd2 Rxd2 20.Qxd2 h5 21.Rd1 Be6 22.a3 Qe7
23.Bg5 Qe8 24.Qc2 Nh7 25.Be3 h4 26.Bf1 Bf6 27.b4 Ng5 28.Bxg5 Bxg5 29.g4 Rd8
30.Rxd8 Qxd8 31.b5 Qd7 32.bxc6 Qxc6 33.Qd3 Qc5 34.a4 Qb4 35.Qc2 Qb3 36.Qxb3 Bxb3
37.Bb5 Bc2 38.Kf1 Kf8 39.f3 Ke7 40.Ke2 Kd6 41.Be8 Kc5 42.Bxf7 Kb4 43.Nb5 a5
44.Bxg6 Bxa4 45.Nc7 Bb3 46.Nd5+ Kc5 47.Kd3 b5 48.Kc3 Bc4 49.Be8 b4+ 50.Kb2 Be2
51.Nc7 Kd6 52.Nd5 Bxf3 53.Bg6 Bxg4  0-1

[Event "Open"]
[Site "Teplice CZE"]
[Date "2009.06.21"]
[Round "9"]
[White "Groh,J"]
[Black "Kriebel,T"]
[Result "0-1"]
[WhiteElo "2159"]
[BlackElo "2038"]

1.c4 Nf6 2.Nf3 g6 3.g3 Bg7 4.Bg2 O-O 5.O-O d6 6.d4 Nc6 7.d5 Na5 8.Nfd2 c6
9.Nc3 cxd5 10.cxd5 Bd7 11.Nb3 Rc8 12.Nxa5 Qxa5 13.Bd2 Qb6 14.Rb1 Ng4 15.h3 Ne5
16.Be3 Qa6 17.Bd4 Rc4 18.e3 Rfc8 19.f4 Rxd4 20.exd4 Nc4 21.Qe2 Bxd4+ 22.Kh2 Bxc3
23.bxc3 Bb5 24.Qg4 f5 25.Qe2 Rc7 26.Rfe1 Na3 27.Qe6+ Kf8 28.Rbc1 Qa4 29.h4 Nc2
30.Rg1 Rxc3 31.h5 Nd4 32.Qe1 Rxc1 33.Qxc1 Qxa2 34.Rd1 Nf3+ 35.Kh3 Qf2 36.Qc3 g5
37.Qh8+ Kf7 38.Qxh7+ Ke8 39.Qg6+ Kd8 40.fxg5 f4 41.Qg8+ Be8 42.Kg4 Qxg3+
43.Kf5 Nh4+ 44.Ke4 Qe3+  0-1

[Event "4th Polonia Wroclaw Open A"]
[Site "Warsaw POL"]
[Date "2009.06.23"]
[Round "5"]
[White "Fridman,D2"]
[Black "Socko,B"]
[Result "1/2-1/2"]
[WhiteElo "2646"]
[BlackElo "2637"]

1.Nf3 Nf6 2.c4 g6 3.g3 Bg7 4.Bg2 O-O 5.d4 d6 6.Nc3 Nc6 7.O-O Bg4 8.h3 Bxf3
9.exf3 d5 10.cxd5 Nxd5 11.f4 e6 12.Nxd5 exd5 13.Be3 Ne7 14.g4 Qd7 15.Qd3 f5
16.g5 Nc8 17.h4 c6 18.h5 Re8 19.Bf3 Nd6 20.Kg2 a5 21.a4 Ne4 22.Rh1 Qd6 23.Ra3 Qc7
24.Bd1 Ra6 25.Rb3 Rb6 26.Qc2 Rxb3 27.Qxb3 Rc8 28.Be2 Qe7 29.Bd3 Bf8 30.Bc2 Qb4
31.hxg6 hxg6 32.Qxb4 Bxb4 33.Bxe4 dxe4 34.f3 exf3+ 35.Kxf3 Rd8 36.Ke2 Bf8
37.Kd3 Bg7 38.Rc1 Rd5 39.Rc5 Bf8 40.Rxd5  1/2-1/2

[Event "Salongernas IM"]
[Site "Stockholm SWE"]
[Date "2009.06.24"]
[Round "8"]
[White "Vul,A"]
[Black "Terrieux,K"]
[Result "0-1"]
[WhiteElo "2322"]
[BlackElo "2449"]

1.Nf3 Nf6 2.c4 g6 3.g3 Bg7 4.Bg2 O-O 5.d4 d6 6.O-O Nc6 7.Nc3 a6 8.b3 Rb8
9.e3 b5 10.Qe2 bxc4 11.Qxc4 Nb4 12.a3 Be6 13.Qe2 Nbd5 14.Nxd5 Bxd5 15.b4 c5
16.bxc5 dxc5 17.Qxa6 cxd4 18.exd4 Rb3 19.Be3 Ng4 20.Rfe1 Nxe3 21.Rxe3 Rxe3
22.fxe3 Bxf3 23.Bxf3 Bxd4 24.Re1 Bc5 25.a4 Qd2 26.Qe2 Qc3 27.Kg2 Rd8 28.Rd1 Rxd1
29.Qxd1 Qxe3 30.a5 Qf2+ 31.Kh3 Qa2 32.Qd5 Qxa5 33.Qa8+ Qxa8 34.Bxa8 f5 35.g4 Kg7
36.gxf5 gxf5 37.Kg2 Kg6 38.Bc6 Kg5 39.Kf3 Bd6 40.h3 e5 41.Kg2 e4 42.Bd5 Kf4
43.Be6 Be7 44.Bd7 Ke5 45.Kf2 Bc5+ 46.Ke2 h6 47.Be8 f4 48.Bh5 Kf5  0-1

[Event "Open Duras BVK FIDE"]
[Site "Brno CZE"]
[Date "2009.06.26"]
[Round "1"]
[White "Jurka,M"]
[Black "Nemec,M"]
[Result "1-0"]
[WhiteElo "2309"]
[BlackElo "1913"]

1.Nf3 Nf6 2.c4 g6 3.g3 Bg7 4.Bg2 O-O 5.d4 c5 6.O-O cxd4 7.Nxd4 Nc6 8.Nc3 Qb6
9.Nc2 d6 10.b3 Be6 11.Ne3 Rad8 12.Bb2 Ne5 13.Qd2 Rfe8 14.h3 Ned7 15.Rac1 Nc5
16.Rfd1 Na6 17.Nb5 Nd7 18.Bxg7 Kxg7 19.Nd4 Ne5 20.Kh2 Nc7 21.Rc2 Bd7 22.Qc3 Kg8
23.c5 dxc5 24.Qxc5 Qxc5 25.Rxc5 Nc6 26.Nxc6 Bxc6 27.Bxc6 bxc6 28.Rxd8 Rxd8
29.Rxc6 Ne6 30.Rc2 Nd4 31.Rb2 a5 32.Kg2 Rb8 33.Rd2 e5 34.Nc4 Rb5 35.e3 Nc6
36.Rd7 Nb4 37.a4 Rc5 38.Ra7 Nc6 39.Rc7  1-0

[Event "Open"]
[Site "Albena BUL"]
[Date "2009.06.27"]
[Round "8"]
[White "Ljangov,P"]
[Black "Nikolov,Mi"]
[Result "1/2-1/2"]
[WhiteElo "2072"]
[BlackElo "1827"]

1.Nf3 Nf6 2.c4 g6 3.g3 Bg7 4.Bg2 O-O 5.O-O c5 6.Nc3 d5 7.cxd5 Nxd5 8.Nxd5 Qxd5
9.d3 Nc6 10.Qc2 b6 11.Ne5 Qxe5 12.Bxc6 Bh3 13.Bxa8 Bxf1 14.Kxf1 Rxa8 15.Kg1 Rd8
16.Rb1 Qe6 17.b3 Qh3 18.Qd1 Qg4 19.Be3 h5 20.Rc1 h4 21.Rc4 Bd4 22.Bxd4 Rxd4
23.Rxd4 Qxd4 24.gxh4 Qg4+ 25.Kf1 Qxh4 26.Kg1 Qg4+ 27.Kf1 Qd4 28.Qd2 a6  1/2-1/2

[Event "Open"]
[Site "Pula CRO"]
[Date "2009.06.30"]
[Round "4"]
[White "Guenthner,O"]
[Black "Ljubicic,F"]
[Result "1/2-1/2"]
[WhiteElo "2248"]
[BlackElo "2406"]

1.Nf3 Nf6 2.c4 g6 3.g3 Bg7 4.Bg2 O-O 5.O-O d6 6.d4 Nbd7 7.Nc3 e5 8.e4 exd4
9.Nxd4 Re8 10.Re1 a6 11.a4 Rb8 12.h3 Ne5 13.b3 Nc6 14.Be3 Nd7 15.Qd2 Nc5
16.Rab1 Nb4 17.Bg5 f6 18.Bh6 Bxh6 19.Qxh6 Ncd3 20.Red1 Qe7 21.Nd5 Qf7 22.Qd2 a5
23.Nb5 Nxd5 24.cxd5 Nc5 25.Qxa5 b6 26.Qc3 f5 27.b4 Nxe4 28.Qxc7 Qxc7 29.Nxc7 Re7
30.Nb5 Bd7 31.Bxe4 fxe4 32.Nxd6 Bxa4 33.Re1 Bc2 34.Rbc1 Bd3 35.Rc8+ Rxc8
36.Nxc8 Rc7 37.Nxb6 Rb7 38.Nc8 Rxb4 39.Rc1 Kf7 40.Rc7+ Kf6 41.d6 Rd4 42.Rxh7 Be2
43.g4 Bf3 44.Kh2 Rd1 45.d7 Kg5 46.Rh8 Rh1+ 47.Kg3 Rg1+ 48.Kh2 Rh1+ 49.Kg3 Rg1+
50.Kh2 Rg2+ 51.Kh1 Rxg4+ 52.Kh2 Rg2+ 53.Kh1  1/2-1/2

[Event "ZMD Open"]
[Site "Dresden GER"]
[Date "2009.07.01"]
[Round "8"]
[White "Heck,N"]
[Black "Ulvnes,R"]
[Result "1-0"]
[WhiteElo "2324"]
[BlackElo "1997"]

1.Nf3 Nf6 2.c4 g6 3.g3 Bg7 4.Bg2 O-O 5.O-O d6 6.d4 c6 7.Nc3 Nbd7 8.h3 Rb8
9.e4 b5 10.cxb5 cxb5 11.e5 Ne8 12.Re1 b4 13.Ne4 d5 14.Ned2 Nb6 15.Nf1 Nc7
16.Ne3 Bd7 17.Nh4 Nc4 18.Nxd5 Nxd5 19.Bxd5 Ba4 20.b3 Qxd5 21.bxa4 Rfd8 22.Be3 Rbc8
23.Qb3 a5 24.Rac1 Rc6 25.Rc2 Rdc8 26.Rec1 f6 27.exf6 Bxf6 28.Ng2 g5 29.Ne1 Bxd4
30.Bxd4 Qxd4 31.Nf3 Qd5 32.Nd2 e6 33.Nxc4  1-0

[Event "37th Greek Teams"]
[Site "Kallithea GRE"]
[Date "2009.07.05"]
[Round "4"]
[White "Mastrovasilis,D"]
[Black "Tzermiadianos,An"]
[Result "1-0"]
[WhiteElo "2567"]
[BlackElo "2447"]

1.Nf3 g6 2.g3 Bg7 3.c4 Nf6 4.Bg2 O-O 5.O-O d5 6.cxd5 Qxd5 7.Nc3 Qh5 8.d4 Bh3
9.Qb3 Bxg2 10.Kxg2 b6 11.Qb5 Qxb5 12.Nxb5 Rc8 13.Bf4 Nd5 14.Rac1 Nxf4+ 15.gxf4 c6
16.Ne5 Bxe5 17.fxe5 Na6 18.Nc3 Rd8 19.e3 Rac8 20.a3 f6 21.f4 Kf7 22.Kf3 Ke6
23.Ke4 f5+ 24.Kf3 Nc7 25.Rf2 Nd5 26.Na4 Kd7 27.h4 Rg8 28.Rg2 e6 29.b4 Ra8
30.Rb2 Rgb8 31.Nc3 Nxc3 32.Rxc3 b5 33.Rbc2 Rc8 34.h5 gxh5 35.Rh2 Rg8 36.Rxh5 Rg7
37.Rc2 a5 38.Rch2 axb4 39.Rxh7 Rg8 40.axb4 Rxh7 41.Rxh7+ Kd8 42.Rh1 Rg6 43.Rh8+ Kd7
44.Rh7+ Kd8 45.Rb7 Rg1 46.d5 cxd5 47.Rxb5 Rb1 48.Rb7 Rb2 49.b5 Ke8 50.b6 Kd8
51.Kg3 Kc8 52.Rc7+ Kd8 53.Kh4 Rxb6 54.Ra7 d4 55.exd4 Rb4 56.Kg5 Rxd4 57.Rh7 Rc4
58.Kf6 Rc6 59.Rh8+ Kd7 60.Rh7+ Kd8 61.Rh1 Kd7 62.Rd1+ Kc7 63.Rd4 Ra6 64.Ke7 Rc6
65.Kf6 Ra6 66.Kf7 Rb6 67.Ke7 Rc6 68.Rd7+ Kc8 69.Rd6 Rc4 70.Rxe6 Kc7 71.Rf6 Rxf4
72.e6 Rh4 73.Rxf5 Rh7+ 74.Rf7 Rh8 75.Rf1 Rh7+ 76.Kf8 Rh8+ 77.Kg7 Rh2 78.Rd1 Rh3
79.e7  1-0

[Event "37th Greek Teams"]
[Site "Kallithea GRE"]
[Date "2009.07.08"]
[Round "8"]
[White "Mastrovasilis,D"]
[Black "Souleidis,G"]
[Result "1/2-1/2"]
[WhiteElo "2567"]
[BlackElo "2435"]

1.Nf3 Nf6 2.c4 g6 3.g3 Bg7 4.Bg2 O-O 5.O-O d6 6.Nc3 a6 7.Rb1 c6 8.d3 b5 9.Nd4 d5
10.cxd5 cxd5 11.Bg5 Bb7 12.Qd2 Qd6 13.Nb3 b4 14.Na4 a5 15.Rfc1 Nbd7 16.Nac5 Nxc5
17.Nxc5 Bc6 18.Rc2 Rfc8 19.Rbc1 Nd7 20.d4 Nxc5 21.Rxc5 f6 22.Bxd5+ Bxd5 23.Rxc8+ Rxc8
24.Rxc8+ Kf7 25.Bf4 Qe6 26.Rc5 g5 27.Bc7 a4 28.Qxb4 Qe4 29.Rxd5 Qb1+ 30.Kg2 Qe4+
31.Kg1 Qb1+ 32.Kg2 Qe4+ 33.Kg1  1/2-1/2

[Event "Helmut Kohls IM"]
[Site "Dortmund GER"]
[Date "2009.07.09"]
[Round "6"]
[White "Trella,T"]
[Black "Schaefer,Mark"]
[Result "1/2-1/2"]
[WhiteElo "2371"]
[BlackElo "2378"]

1.Nf3 Nf6 2.c4 g6 3.g3 Bg7 4.Bg2 O-O 5.d4 d6 6.O-O Nbd7 7.Qc2 e5 8.Rd1 Qe7
9.e4 Re8 10.Nc3 c6 11.Be3 exd4 12.Nxd4 Ng4 13.Bf4 Nge5 14.b3 Nc5 15.h3 Ne6
16.Nxe6 Bxe6 17.Be3  1/2-1/2

[Event "ch-SCO"]
[Site "Edinburgh SCO"]
[Date "2009.07.15"]
[Round "5"]
[White "Campbell,E"]
[Black "Roberts,P"]
[Result "0-1"]
[WhiteElo "1908"]
[BlackElo "2176"]

1.Nf3 Nf6 2.c4 g6 3.g3 Bg7 4.Bg2 O-O 5.O-O d6 6.d4 Nc6 7.Nc3 a6 8.h3 Rb8
9.e4 Nd7 10.Be3 Na5 11.b3 b5 12.cxb5 axb5 13.Qd2 b4 14.Na4 c5 15.dxc5 Bxa1
16.Rxa1 Nxc5 17.Nxc5 dxc5 18.Qxd8 Rxd8 19.Bxc5 Nc6 20.Bf1 Bb7 21.Bc4 e6 22.Bb6 Rdc8
23.Rd1 Ra8 24.Rd2 Ba6 25.Kg2 Rcb8 26.Bc7 Rb7 27.Bd6 Bxc4 28.bxc4 Rba7 29.Nd4 Nxd4
30.Rxd4 Rxa2 31.Bxb4 R2a4 32.c5 e5  0-1

[Event "ch-SCO"]
[Site "Edinburgh SCO"]
[Date "2009.07.16"]
[Round "6"]
[White "Roberts,P"]
[Black "Gourlay,I"]
[Result "0-1"]
[WhiteElo "2176"]
[BlackElo "2349"]

1.Nf3 Nf6 2.c4 g6 3.g3 Bg7 4.Bg2 O-O 5.O-O d5 6.cxd5 Nxd5 7.Nc3 Nb6 8.d4 Nc6
9.d5 Na5 10.e4 c6 11.dxc6 Nxc6 12.Bf4 Be6 13.Qc1 Nd4 14.Nxd4 Qxd4 15.Rd1 Qb4
16.e5 Nc4 17.Nd5 Bxd5 18.Bxd5 Nxe5 19.Qc7 Rac8 20.Qxb7 Qxb7 21.Bxb7 Rb8 22.Bxe5 Bxe5
23.Rd7 Bxb2 24.Rb1 Ba3 25.Rb3 Bd6 26.Bd5 Rxb3 27.axb3 Rc8 28.Rxa7 Rc2 29.Ra1 Bc5
30.Rf1 Kg7 31.Kg2 f5 32.Bc4 Kf6 33.Bd3 Rd2 34.Bc4 g5 35.Kg1 e5 36.Bg8 h6
37.Bc4 e4 38.Bg8 f4 39.gxf4 gxf4 40.Bc4 f3 41.Bg8 Rd7 42.Kh1 Bxf2 43.Bc4 e3
44.h3 Ke5  0-1